| 000 | 01021nam a2200301 i 4500 | ||
|---|---|---|---|
| 001 | 12966 | ||
| 003 | KOSZ 005 | ||
| 005 | 20220322124755.0 | ||
| 008 | 070620s1965 pl a f 001 0 pol | ||
| 015 | _aPB 1966/2145 | ||
| 040 |
_aWA N _cWA N _dKOSZ 005/RW _dKOSZ 005/HR |
||
| 046 | _k1965 | ||
| 080 | _a621.82/.85 | ||
| 100 | 1 |
_aPełczewski, Władysław _d(1917-2006) _eAutor |
|
| 245 | 1 | 0 |
_aSprzęgła elektromagnetyczne / _cWładysław Pełczewski. |
| 260 |
_aWarszawa : _bWydawnictwa Naukowo-Techniczne, _c1965. |
||
| 300 |
_a356, [2] s. : _bil. ; _c24 cm. |
||
| 380 | _aKsiążki | ||
| 388 | _a1901-2000 | ||
| 388 | _a1945-1989 | ||
| 504 | _aBibliogr. s. 347-[354]. Indeks. | ||
| 521 | 8 | _aDla magistrów-inżynierów i inżynierów. | |
| 650 | 4 | _aSprzęgła | |
| 658 | _aInżynieria i technika | ||
| 710 | 2 |
_aWydawnictwa Naukowo-Techniczne _4pbl. |
|
| 856 |
_uhttp://koha.tu.koszalin.pl/cgi-bin/koha/opac-detail.pl?biblionumber=12966 _yKatalog online BPK |
||
| 942 |
_2UKD _cKS |
||
| 999 |
_c12966 _d12966 |
||